La Ejemplaridad en Margot Arce de Vázquez
Sábháilte in:
| Príomhchruthaitheoir: | |
|---|---|
| Formáid: | LEABHAR |
| Teanga: | Undetermined |
| Foilsithe / Cruthaithe: |
San Juan, Puerto Rico
Fundación Felisa Rincón de Gautier
1992
|
| Ábhair: | |
| Clibeanna: |
Cuir clib leis
Níl clibeanna ann, Bí ar an gcéad duine le clib a chur leis an taifead seo!
|
MARC
| LEADER | 00000nam a2200000Ia 4500 | ||
|---|---|---|---|
| 008 | 170316s9999 xx 000 0 und d | ||
| 040 | |a cru BVZT | ||
| 090 | |a 862 A-36e | ||
| 100 | |a Arrigoitia, Luis de | ||
| 245 | |a La Ejemplaridad en Margot Arce de Vázquez |c Presentación por Elsa Tió | ||
| 260 | |a San Juan, Puerto Rico | ||
| 260 | |b Fundación Felisa Rincón de Gautier | ||
| 260 | |c 1992 | ||
| 300 | |a 36 páginas | ||
| 650 | |a LITERATURA ESPAÑOLA | ||
| 650 | |a MARGOT ARCE DE VÁZQUEZ | ||
| 999 | |c 9444 |d 9444 | ||
| 942 | |c 15 D |h 862 A-36e |2 z | ||
